| 000 | 00858nam a2200265Ia 4500 | ||
|---|---|---|---|
| 003 | OSt | ||
| 005 | 20221002045425.0 | ||
| 006 | a|||||r|||| 00| 0 | ||
| 007 | ta | ||
| 008 | 220930b |||||||| |||| 00| 0 eng d | ||
| 020 |
_a9781691170510 (pbk) _cUSD 35.00 |
||
| 024 | _a29724 | ||
| 037 |
_b79, 10/03/2017, Kiran Book Service _cReference Collections |
||
| 040 |
_aCRL _cCRL _beng |
||
| 041 |
_2eng _aeng |
||
| 082 | _aO1,1:g, Q7(RR) | ||
| 100 | _aGreene Roland Ed. | ||
| 245 | 0 | _aPrinceton handbook of world poetries | |
| 260 |
_aPrinceton _bPrinceton University Press UK _c2017 |
||
| 300 |
_axxii,693p. _ccm. |
||
| 650 |
_aPOETRY _9177792 |
||
| 700 | _a Cushman Stephen Ed. | ||
| 942 |
_hO1,1:g, Q7(RR) _cref _2CC |
||
| 999 |
_c912359 _d912359 |
||